00302nam a2200085Ia 4500008004100000082002000041100002000061245012200081300001300203230907s9999||||xx |||||||||||||| ||und|| a333.7924bZOH-A aZohuri, Bahman. 0aApplication of compact heat exchangers for combined cycle driven efficiency in next generation nuclear power plants / apages cm